Economics of developement and planning. (Record no. 1194)

MARC details
000 -LEADER
fixed length control field 00517cam a2200193ua 4500
008 - FIXED-LENGTH DATA ELEMENTS--GENERAL INFORMATION
fixed length control field 110701n ii |||gr||||Z||||||eng
020 ## - INTERNATIONAL STANDARD BOOK NUMBER
International Standard Book Number 81-87125-73-x
040 ## - CATALOGING SOURCE
Transcribing agency MAIN
082 ## - DEWEY DECIMAL CLASSIFICATION NUMBER
Classification number 338.9
245 10 - TITLE STATEMENT
Title Economics of developement and planning.
Statement of responsibility, etc. By M L Jhingan.
250 ## - EDITION STATEMENT
Edition statement 36th.
260 ## - PUBLICATION, DISTRIBUTION, ETC.
Place of publication, distribution, etc. New Delhi.:
Name of publisher, distributor, etc. Vrinda publications.,
Date of publication, distribution, etc. 2003.
300 ## - PHYSICAL DESCRIPTION
Extent xix, 864 p.:
Dimensions 25 cm.
700 1# - ADDED ENTRY--PERSONAL NAME
Personal name Jhingan, M L.,
942 ## - ADDED ENTRY ELEMENTS (KOHA)
Koha item type Books
653 ## - INDEX TERM--UNCONTROLLED
Uncontrolled term Economics.
653 ## - INDEX TERM--UNCONTROLLED
Uncontrolled term Economics of developement and planning.
Holdings
Withdrawn status Lost status Damaged status Not for loan Home library Current library Shelving location Date acquired Total Checkouts Full call number Barcode Date last seen Date last checked out Copy number Price effective from Koha item type
        Central Library, Naharkatiya College Central Library, Naharkatiya College General Stacks 19/09/2020 9 338.9 | JHI 17711 01/09/2025 05/08/2025 1 19/09/2020 Books

Naharkatiya College © 2020. All rights reserved.

Powered By